Bodies under siege : self-mutilation in culture and psychiatry /

Bibliographic Details
Main Author: Favazza, Armando R.
Other Authors: Favazza, Barbara Starks
Format: Book
Language:English
Published: Baltimore : Johns Hopkins University Press, [1987]
Subjects:

MARC

Tag First Indicator Second Indicator Subfields
LEADER 00000cam a2200000 a 4500
001 in00000030283
005 20151007060252.0
008 870212s1987 mdua b 00110 eng
010 |a  87003910  
020 |a 0801834538 (alk. paper) 
035 |a (OCoLC)15252404 
035 |9 AAC0448AM 
040 |a DLC  |c DLC  |d TXA  |d UtOrBLW 
049 |a TXAM  |c [A11536401] 
050 0 0 |a RC552.S4  |b F38 1987 
082 0 |a 616.85/82  |2 19 
100 1 |a Favazza, Armando R. 
245 1 0 |a Bodies under siege :  |b self-mutilation in culture and psychiatry /  |c Armando R. Favazza, with Barbara Favazza. 
264 1 |a Baltimore :  |b Johns Hopkins University Press,  |c [1987] 
264 4 |c ©1987 
300 |a xii, 270 pages :  |b illustrations ;  |c 24 cm. 
336 |a text  |b txt  |2 rdacontent 
337 |a unmediated  |b n  |2 rdamedia 
338 |a volume  |b nc  |2 rdacarrier 
504 |a Bibliography: pages 239-260. 
500 |a Includes index. 
650 0 |a Self-mutilation. 
650 0 |a Cultural psychiatry. 
650 0 |a Psychiatry, Transcultural. 
700 1 |a Favazza, Barbara Starks. 
999 |a MARS 
999 f f |s e36d4a0c-dfc1-32e2-a996-498039dcbca0  |i b4981b98-134c-3d29-8ef8-133741852dcc  |t 0 
952 f f |p ric  |a Texas A&M University  |b Rellis Campus  |c Joint Library Facility  |s JLF  |d Remote Storage  |t 0  |e RC552.S4 F38 1987  |h Library of Congress classification  |i unmediated -- volume  |m A14811536401 
998 f f |a RC552.S4 F38 1987  |t 0  |l Remote Storage